| 000 | 00775nam a2200253 i 4500 | ||
|---|---|---|---|
| 001 | 12076 | ||
| 003 | ES-MaACL | ||
| 005 | 20250828062132.0 | ||
| 007 | t| | ||
| 008 | 970404s1989 sp ||||1| spa d | ||
| 020 | _a84-86168-46-5 | ||
| 080 | _a37.015.4 | ||
| 080 | _a37:338.1 | ||
| 080 | _a338.1:37 | ||
| 100 | 1 |
_aEscotet, Miguel Angel. _947621 |
|
| 245 | 1 | 0 |
_aEducación y desarrollo desde la perspectiva sociológica / _cMiguel A. Escotet, Orlando Albornoz. |
| 260 |
_aSalamanca : _bUIP, _c1989. |
||
| 300 |
_a412 p. ; _c24 cm. |
||
| 650 | 1 | 7 |
_aSociología de la educación _2embne _917206 |
| 650 | 1 | 7 |
_aEducación y desarrollo _2embne _912124 |
| 700 | 1 |
_aAlbornoz, Orlando. _919414 |
|
| 852 |
_aES-MaACL _jL-19451 _bR.117480 |
||
| 999 |
_c12076 _d12076 |
||